[Event "EU-ch 4th"]
[Site "Istanbul"]
[Date "2003.06.02"]
[Round "4"]
[White "Galkin, Alexander"]
[Black "Georgiev, Krum"]
[Result "1-0"]
[WhiteElo "2591"]
[BlackElo "2516"]
[Annotator "Mueller,Karsten"]
[PlyCount "45"]
[EventDate "2003.05.30"]
[EventType "swiss"]
[EventRounds "13"]
[EventCountry "TUR"]
[SourceTitle "CBM 096"]
[Source "ChessBase"]
[SourceDate "2003.09.25"]
[SourceVersion "1"]
[SourceVersionDate "2003.09.25"]
[SourceQuality "1"]

1. e4 c5 2. Nf3 d6 3. d4 cxd4 4. Nxd4 Nf6 5. Nc3 Bd7 $6 6. Bg5 e6 7. f4 (7.
Ndb5 Bc6 8. Bxf6 gxf6 9. Qh5 a6 (9... Na6 $6 10. O-O-O Nc5 11. Bc4 Qd7 12. Rhe1
a6 13. Nd4 O-O-O 14. f4 Kb8 15. f5 $16 {Kotronias,V-Efimov,I/Peer Gynt (3)/
1991/1-0 (28)}) 10. Nd4 Bd7 11. O-O-O Nc6 12. Nb3 b5 13. f4 Qc8 14. f5 $36 {
1-0 Stripunsky,A-Balashov,A/Minsk 1996/EXT 2000 (23)}) 7... Nc6 8. Qd2 Qb6 9.
Bxf6 (9. Ndb5 $5 a6 10. Na4 Qd8 11. Bxf6 gxf6 12. Nxd6+ Bxd6 13. Qxd6 Qa5+ 14.
Nc3 O-O-O 15. Qd2 f5 16. Bd3 Nb4 17. O-O Bc6 18. Qe3 Nxd3 19. cxd3 $14 {
1/2-1/2 Holzke,F-Kengis,E/Germany 1992/GER-chT2 (62). (62)}) 9... gxf6 10. Nb3
O-O-O 11. O-O-O Ne7 12. Be2 h5 13. Rhf1 {[%cal Gf1f3,Gf3d3,Gf3h3][%mdl 32] ein
typisches Manöver, das es Weiß erlaubt, seinen Druck maximal zu verstärken} Be8
$6 14. Rf3 Bg7 15. Rh3 h4 16. Bg4 Kc7 $2 (16... Bc6 $142 17. Rd3 Ng6 $132) 17.
Kb1 Bc6 18. Rd3 Be8 $6 (18... Kc8 19. f5 exf5 20. exf5 Rd7 21. Rd4 $16) 19. a4
Bh6 (19... Rg8 $2 20. a5 Qa6 21. Be2 Kb8 22. Rd4 Qc6 23. Bb5 Qc7 24. Bxe8 Rdxe8
25. Nb5 $18) 20. a5 Qc6 21. Qf2 (21. Nd4 $5 Qa6 22. Bxe6 Kb8 (22... fxe6 $2 23.
Nxe6+ Kc8 24. Nxd8 $18) 23. Bh3 Qxa5 24. Nde2 Qc7 25. Rxd6 $16) 21... Ng6 $2 (
21... Kb8 22. f5 e5 23. Qxh4 $16) 22. Qxa7 Qa6 {[%tqu "En","White to move and
win","","","c3d5","",3,"De","Weiß zieht und gewinnt","","","c3d5","",3]} 23.
Nd5+ (23. Nd5+ exd5 24. Rc3+ Bc6 25. Qxa6 bxa6 26. Nd4 $18) 1-0

[Event "Reykjavik zt"]
[Site "Reykjavik"]
[Date "1995.??.??"]
[Round "6"]
[White "Hector, Jonny"]
[Black "Petursson, Margeir"]
[Result "0-1"]
[WhiteElo "2540"]
[BlackElo "2535"]
[Annotator "Petursson,M"]
[PlyCount "130"]
[EventDate "1995.03.??"]
[EventType "swiss"]
[EventRounds "11"]
[EventCountry "ISL"]
[SourceTitle "CBM 047"]
[Source "ChessBase"]
[SourceDate "1995.08.01"]
[SourceVersion "1"]
[SourceVersionDate "1995.08.01"]
[SourceQuality "1"]

1. e4 c5 2. Nf3 d6 3. d4 cxd4 4. Nxd4 Nf6 5. Nc3 Nc6 6. Be3 Ng4 7. Bb5 Nxe3 8.
fxe3 Bd7 9. O-O e6 10. Bxc6 bxc6 11. Qf3 Qf6 $1 12. Qe2 Qg5 13. Rf3 Be7 14. Rg3
Qh6 (14... Qe5 15. Nf3 Qa5 16. e5 $13 {Fedorov-Tukmakov, Nikolaev 1993}) 15.
Qa6 O-O $1 16. Qb7 Rfd8 17. Rf1 Bf6 18. Nxc6 Bxc6 19. Qxc6 Be5 20. Rh3 Qg6 $44
21. Ne2 $2 (21. Rhf3) 21... Rac8 22. Qa4 d5 $1 $40 23. exd5 Rxc2 24. Rf2 Qd3 $5
(24... Rxb2 $17) 25. Qxa7 Bf6 26. Ng3 Rxf2 27. Kxf2 Qxd5 28. Ne2 Bxb2 29. Rf3
Bf6 30. Nf4 Qd2+ 31. Kg1 $15 h6 32. Rf2 Qb4 33. Rf1 Be7 34. Qc7 Qc5 35. Qxc5
Bxc5 36. Kf2 Rd2+ 37. Kf3 Rxa2 38. Rc1 Ra5 39. Nd3 Bd6 40. Rc8+ Kh7 41. h3 g5
42. Rd8 Rf5+ 43. Ke2 Bg3 44. e4 Ra5 45. Kf3 Be5 46. Nxe5 $6 Rxe5 47. g3 Ra5 48.
h4 $1 gxh4 49. gxh4 Kg6 50. Rg8+ Kf6 51. Rh8 Ke5 52. Rh7 Ra1 53. Kg2 Ra2+ 54.
Kg3 Ra3+ 55. Kf2 f6 56. Rxh6 Rh3 57. h5 Rh4 58. Rh8 $2 (58. Kg3 Rxe4 59. Rg6
Kf5 60. Rg8 Ra4 61. h6 Ra7 62. Rg7 Ra8 63. h7 Rh8 64. Kh4 e5 65. Kh5 e4 66. Kh6
e3 67. Re7 Kf4 $10) 58... Rxe4 59. Kg3 Re1 60. Kg2 Ra1 61. h6 Ra7 62. Kf3 Kf5
63. h7 e5 64. Ke3 Kg6 65. Ke4 Rxh7 0-1

[Event "EU-ch 13th"]
[Site "Plovdiv"]
[Date "2012.03.22"]
[Round "3"]
[White "Kryvoruchko, Yuriy"]
[Black "Savchenko, Boris"]
[Result "0-1"]
[WhiteElo "2666"]
[BlackElo "2580"]
[Annotator "Postny,E"]
[PlyCount "104"]
[EventDate "2012.03.20"]
[EventType "swiss"]
[EventRounds "11"]
[EventCountry "BUL"]
[SourceTitle "CBM 148"]
[Source "ChessBase"]
[SourceDate "2012.05.16"]
[SourceVersion "1"]
[SourceVersionDate "2012.05.16"]
[SourceQuality "1"]

1. e4 c5 2. Nf3 d6 3. d4 cxd4 4. Nxd4 Nf6 5. Nc3 Nc6 6. f3 {The main line is 6.
Bg5, but the move in the text is also well known.} e5 7. Nb3 Be7 8. Be3 O-O 9.
Qd2 a5 10. Bb5 (10. a4 $6 {is not recommended as it gives the black knight a
nice outpost on b4.}) 10... Be6 11. Rd1 Na7 {Black must drive away the bishop
before his opponent establishes full control over the queenside.} 12. Bd3 Nc8
13. O-O (13. a4 Nb6 14. Qf2 Nfd7 15. O-O {may transpose to the same position
that could arise in the game later on.}) 13... Nb6 {Kryvoruchko has already
had experience in this line, so, probably his opponent came to the game well
prepared.} (13... a4 14. Nc1 Nb6 15. Qf2 Nc4 16. Bxc4 Bxc4 17. Rfe1 Qb8 18. a3
Rd8 19. Bb6 Rd7 20. Nd3 Bd8 21. Nb4 Bxb6 22. Qxb6 Qa7 23. Qxa7 Rxa7 24. Rd2 $14
{1/2-1/2 Kryvoruchko,Y (2652)-Can,E (2498)/Paleochora 2011/CBM 143 Extra (58)})
14. Qf2 Nfd7 15. Rd2 $6 $146 {A logical idea of doubling the rooks along the
d-file, but not very sound in this concrete position. The previously played 15.
a4, fixing the queenside, yielded White a slight edge.} (15. a4 Bg5 (15... Qc7
16. Kh1 Nc4 17. Bc1 Ndb6 18. Na1 d5 19. b3 Nd6 20. Nxd5 Bxd5 21. exd5 f5 22. c4
$16 {1/2-1/2 Aroshidze,L (2463)-Kotronias,V (2587)/Thessaloniki 2005/CBM 108
ext (60)}) (15... Nc4 16. Bxc4 Bxc4 17. Rfe1 Qc7 18. Nd2 Be6 19. Ndb1 f5 20.
exf5 Rxf5 21. Qd2 Ra6 22. Nd5 Qd8 23. Nbc3 $14 {1-0 Oleksienko,M (2552)-Nimmy,
A (2208)/Chennai 2011/CBM 140 Extra (90)}) 16. Bxg5 Qxg5 17. Bb5 Nc8 18. Bxd7
Bxd7 19. Nd2 Be6 20. Nb5 Qd8 21. b3 $14 {0-1 Brkic,A (2577)-Jankovic,A (2548)/
Zadar 2007/CBM 121 Extra (65)}) 15... Bh4 $1 {Provoking a concession.} 16. g3
Be7 17. Rfd1 (17. f4 $6 a4 18. Nc1 Nc4 $1 19. f5 Nxe3 20. Qxe3 Bg5 21. Qe1 Bxd2
22. Qxd2 Qb6+ 23. Kg2 Qxb2 24. fxe6 fxe6 $15) 17... a4 18. Nc1 Qc8 $5 {An
unexpected move, leaving the knight "en prise".} (18... f5 19. exf5 Bxf5 20. b3
Qc8 {was a good alternative. The manoeuvre Be7-Bh4-Be7 was actually a clever
one, now White's Pf3 is a real weakness.}) 19. a3 (19. Bxb6 Nxb6 20. Qxb6 d5
21. Kg2 Bc5 22. Nxd5 Bxb6 23. Ne7+ Kh8 24. Nxc8 Rfxc8 25. a3 Be3 26. Re2 Bh6
$44 {White has an extra pawn and no weaknesses, but his pieces are difficult
to regroup due to Black's powerful bishops.}) 19... Nc4 20. Bxc4 Bxc4 21. N1a2
$6 {The knight finds its route towards the d5-square. However, Black's coming
initiative on the kingside seems to be more dangerous. Therefore White should
invest more in restricting his opponent's play.} (21. g4 $1 {was the way to
prevent f7-f5. Later on White may continue with his positional plan of
bringing the passive knight on to the central d5-square.}) 21... f5 22. Nb4 Nf6
(22... fxe4 23. Nxe4 Nf6 24. Nxf6+ (24. Nxd6 $2 Bxd6 25. Rxd6 Ne4 $17) 24...
Bxf6 25. Rxd6 e4 $44) 23. Qg2 h6 (23... fxe4 24. Nxe4 Nxe4 25. fxe4 Qg4 26. h3
Qg6 27. Nd5 Bxd5 28. Rxd5 Rac8 $15 {[%csl Re4][%cal Gc8c4]}) 24. h3 {Covering
the g4-square against a possible knight or queen move.} Qe6 25. exf5 Qxf5 26.
f4 exf4 27. Bxf4 d5 $1 {[%mdl 2048] Excellent move! Black's dark-squared
bishop joins the battle very effectively. This weak pawn is of lesser
significance.} 28. Nbxd5 Bc5+ 29. Kh2 Nxd5 30. Rxd5 $6 {Trying to seize the
initiative by the exchange sacrifice, but it doesn't work out properly.} (30.
Nxd5 Rae8 31. Nc7 ({After} 31. Nc3 b5 32. Bd6 Bxd6 33. Rxd6 Kh7 {[%cal Gc4f1]
the threat 34...Bf1 is very annoying.}) 31... Re4 32. Nd5 Rfe8 33. Nc3 R4e7 34.
Rd8 Rxd8 35. Rxd8+ Kh7 36. Rd1 b5 {There are no immediate threats, but it's
difficult to find a move for White.}) 30... Bxd5 31. Rxd5 Qc8 32. Qe4 $2 (32.
Rd3 $17) 32... Bxa3 $1 33. Nxa4 (33. Bxh6 {doesn't work in view of} Rf2+ $1 (
33... Rf6 $4 34. Bxg7 $1 $40) 34. Kg1 Rf6 {[%csl Rh3,Rh6]} 35. Bxg7 Bc5+ $1 $19
{This was the point of 33...Rf2+.}) 33... Re8 34. Re5 Rxe5 35. Bxe5 Qc6 {
Simplifying to a winning endgame.} 36. Qxc6 bxc6 37. Nb6 Re8 38. Nc4 {[%tqu
"En","Should Black's bishop retreat?","","","a3b2","Another blow that kills
White's last hopes for a draw.",5]} Bxb2 $1 {Another blow that kills White's
last hopes for a draw.} 39. Bxb2 Re2+ 40. Kg1 Rxc2 {[%csl Rb2,Rc4]} 41. Ne5
Rxb2 42. Nxc6 Kf7 {The endgame is easily won for Black. If there were a
light-squared bishop instead of a knight, then White could hold.} 43. Ne5+ Ke6
44. Nd3 Ra2 45. Nf2 g5 46. Kg2 h5 47. Kf3 Ra3+ 48. Kg2 Ke5 49. Kh2 Kd4 50. Kg2
Ke3 51. Nd1+ Ke2 52. Nf2 Ra2 {Good game by Boris Savchenko.} 0-1

[Event "Cappelle op 36th"]
[Site "Cappelle la Grande"]
[Date "2020.02.27"]
[Round "8"]
[White "Moussard, Jules"]
[Black "Guliyev, Namig"]
[Result "1-0"]
[WhiteElo "2608"]
[BlackElo "2537"]
[Annotator "Primel,D"]
[PlyCount "97"]
[EventDate "2020.02.22"]
[EventType "swiss"]
[EventRounds "9"]
[EventCountry "FRA"]
[SourceTitle "CBM 195 Extra"]
[Source "ChessBase"]
[SourceDate "2020.05.31"]
[SourceVersion "1"]
[SourceVersionDate "2020.05.31"]
[SourceQuality "1"]
[TimeControl "40/5400+30:1800+30"]

1. e4 {[%emt 0:05:47] Une partie importante dans la course à la première
place} c5 {[%emt 0:00:00]} 2. Nf3 {[%emt 0:00:05]} d6 {[%emt 0:00:00]} 3. d4 {
[%emt 0:00:09]} cxd4 {[%emt 0:00:00]} 4. Nxd4 {[%emt 0:00:06]} Nf6 {[%emt 0:00:
00]} 5. Nc3 {[%emt 0:00:10]} a6 {[%emt 0:00:00]} 6. Nb3 {[%emt 0:00:37] Une
ligne secondaire devenue populaire lorsque le Top GMI BARTEL a commencé à la
pratiquer à haut niveau en 2016. Le précurseur historique était Efim GELLER
mais avec un seul essai dans les années 60 avec une partie jouée à
l'interzonal mais comme la partie avait transposé dans la variante 6.Be2 de
la Najdorf après 6.Nb3 e5 7.Be2, elle n'a pas attiré l'attention. Il est
même possible qu'il s'agisse d'une erreur de saisie et il faudrait consulter
le bulletin de l'interzonal.} Nc6 {[%emt 0:05:38] L'azéri n'avait peut-être
pas prêté attention au changement de répertoire de son adversaire qui avait
déjà joué cette variante à la ronde 4 et il commence à réfléchir.} (6...
e6 {Moussard,J (2608)-Maerevoet,S (2412) Cappelle op 36th 2020 (4.4) 1-0}) (
6... Nbd7 7. g4 $1 {[%csl Rf6][%cal Gg4g5] Le plus logique car le Nf6 n'a pas
la case de repli d7} h6 8. a4 g5 (8... Qc7 9. Bg2 Ne5 10. h3 g5 11. f4 $1 {
Bartel,M (2623)-Ragger,M (2695) Bundesliga 1516 2015 (12.7) 1-0}) (8... b6 9.
Bg2 {[%cal Ge4e5,Gg2a8]} Ne5 (9... Bb7 10. f4 (10. h4 g6 11. Qe2 Rc8 12. Rh3 $5
Bg7 13. h5 g5 14. Nd4 {[%csl Gf5]} Ne5 (14... e6 $143 15. Nd5 $5 {[%csl Re8]
[%cal Ge2e8] Thématique et logique avec le vis-à-vis Q et K} O-O 16. Nxf6+
Nxf6 17. f4 gxf4 18. g5 (18. Bxf4 e5) 18... hxg5 19. h6 Bh8 20. h7+ $1 Kg7 (
20... Nxh7 $2 21. Qh5) 21. Bxf4 $1 gxf4 22. Qf2 $1 $40 {[%csl Rg7][%cal Gf2h4,
Gh4g5,Gh4h6]}) 15. Nf5 Bf8 16. f4 $13 {Aryan,C (2553)-Gopal,G (2594) Biel MTO
op 52nd 2019 (9) 1/2}) 10... e5 $5 {Peut-être la ligne la plus simple pour
égaliser même si les Noirs doivent jouer avec précision.} (10... g6) 11. O-O
g6 12. Qf3 {[%cal Gf3f7]} Bg7 13. h4 O-O $1 {N'ayant pas peur des fantomes} 14.
f5 Nh7 $5 {[%csl Gg5][%cal Gf8f3]} 15. g5 hxg5 16. hxg5 Nxg5 17. Qg4 $13 {
Alekseenko,K (2638)-Kokarev,D (2598) RUS Cup final 2018 (3.1) 1/2}) 10. h3 g5
11. f4 $14 {Alekseenko,K (2554)-Lu,S (2615) Chigorin Memorial 24th 2016 (9) 1-0
}) 9. h4 Rg8 $13 {Supi,L (2530)-Delgado Ramirez,N (2622) Rio Branco Acre GM
2017 (3) 1/2}) (6... e5 7. Be2 (7. Bg5 $5 {Comme les Blancs n'ont pas joué
Be2, ils peuvent essayer de lutter pour le contrôle de la case "d5" en
gardant l'option Bc4 comme l'avait montré une vieille partie du tournoi de
Caissa que j'avais saisie.} Be7 8. Bxf6 (8. Qd2 Be6 9. O-O-O $32) (8. Bc4 b5 $6
(8... O-O 9. O-O (9. Bxf6 Bxf6 10. a4 Nc6 11. O-O Be6 12. Nd5 $14 {[%csl Gd5];
Djurhuus,R (2455)-Ziska,H (2474) Oslo Sveins op 6th 2013 (9) 1-0}) 9... b5) 9.
Bxf6 Bxf6 10. Bxf7+ $1 Kf8 11. Bd5 {Bereczki,I (2205)-Szulics,I Nyiregyhaza op
1998 (1) 1-0}) 8... Bxf6 9. Nd5 $14 {[%csl Gd5,Rf6];Rosenberg,S-Scherbakoff,G
Paris Caissa Autumn  1955 (1) 0-1}) 7... Be7 {Geller,E-Stein,L Interzonal-05
1962 (3) 1-0}) 7. Be3 {[%emt 0:01:08]} e6 {[%emt 0:00:56]} (7... Ng4 8. Bd2 Nf6
9. Be3 Ng4 {Avec une nulle par répétition de position}) 8. g4 $1 {[%emt 0:02:
16] le plan des Noirs avec e6d6 et Nf6 rend tentant de jouer dans l'esprit
d'une attaque Keres} (8. a4) 8... b5 {[%emt 0:04:06]} (8... h5 9. gxh5 b5 10.
Bg2 Ne5 11. a4 b4 12. Ne2 Bb7 13. Ng3 Rc8 14. O-O d5 15. Bd4 Nc4 16. exd5 Nxd5
17. Qg4 Qc7 18. Rfe1 Nf6 19. Bxf6 gxf6 20. Bxb7 Qxb7 21. Rad1 Ne5 22. Rxe5 fxe5
23. Ne4 Be7 24. h6 Rc4 25. Qg7 Qxe4 26. Qxh8+ Bf8 27. Rd8+ Kxd8 28. Qxf8+ Kc7
29. Qxf7+ Kb8 30. Qf8+ Ka7 31. Qe7+ Kb8 32. Qd6+ Ka7 33. Qd7+ Kb8 34. Qd8+ Ka7
35. Qe7+ Kb8 36. Qd6+ Ka7 37. Qd7+ Kb8 38. Qd6+ {Alekseenko,K (2704)-Korobov,A
(2668) Moscow 2019 1/2-1/2}) (8... h6 9. h4 Qc7 10. Bg2 Ne5 11. g5 hxg5 12.
hxg5 Rxh1+ 13. Bxh1 Nfd7 14. Nd2 $13 {[%csl Gc4];Bellahcene,B (2541)-Oussedik,
M (2440) Africa-ch Hammamet 2019 (6) 1-0}) 9. Bg2 {[%emt 0:02:37]} (9. g5 Nd7
10. Bg2 $14) 9... Bb7 {[%emt 0:03:00]} 10. a3 $6 $146 {[%emt 0:15:00][%csl Rc4]
Fin de la préparation des Blancs mais ce coup a le défaut d'affaiblir la
case "c4"} (10. g5 Nd7 11. f4 Nb6 12. Qe2 Nc4 13. O-O-O Nxe3 14. Qxe3 Na5 15.
f5 Nc4 16. Qg3 b4 17. Na4 e5 18. Nac5 Bc6 19. Bf1 Nb6 20. Nxa6 Be7 21. f6 gxf6
22. Nxb4 Bxe4 23. Bg2 Bg6 24. Bxa8 Qxa8 25. Qf2 Nd7 26. Nd5 Qxa2 27. gxf6 Bf8
28. Qd2 h5 29. Nc3 Qa6 30. Qf2 Bh6+ 31. Kb1 O-O 32. Qe2 Qxe2 33. Nxe2 Nxf6 34.
Rxd6 Ng4 35. Nc3 Ne3 36. Rg1 Kh7 37. Rgxg6 fxg6 38. Nd2 Bf4 39. h3 g5 {Bartel,
M (2625)-Gelfand,B (2735) Moscow 2016 1/2-1/2 (77)}) 10... Ne5 $1 {[%emt 0:03:
52][%csl Gc4][%cal Ge5c4,Gc4e3,Gc4b2] Evacue la case d7 pour le Nf6 tout en
faisant pression sur l'aile-dame} 11. g5 {[%emt 0:00:07]} Nfd7 {[%emt 0:00:11]}
12. Qd4 {[%emt 0:02:23][%cal Ge1c1] Donne la possibilité du ooo mais la Qd4
est un peu exposée au centre} Nc4 {[%emt 0:03:59]} 13. O-O-O $5 {[%emt 0:00:
46] Risqué après la poussée a3} Rc8 $1 {[%emt 0:02:21] Le K Noir est en
sécurité au centre et les Noirs ont du contre-jeu à l'aile-dame} 14. f4 {
[%emt 0:04:20]} Qc7 $132 {[%emt 0:04:26][%csl Gc4][%cal Gc4b2,Gc7c3,Gc4a3,
Gc4e3]} 15. Bd2 {[%emt 0:02:12]} (15. h4 $2 Nxa3) 15... Ndb6 $1 $15 {[%emt 0:
04:58] L'attaque Noire est plus rapide} 16. Na1 {[%emt 0:11:47][%cal Ga1c2] Le
signe que l'ouverture des Blancs n'est pas une réussite} e5 {[%emt 0:04:30]} (
16... d5 $5 {[%csl Gf8] Avec un K au centre, la poussée d5 peut faire peur
mais elle libère le Bf8} 17. exd5 Nxd2 18. Rxd2 Nc4 19. Re2 Bc5 $1 20. Qxg7
Qxf4+ $1 21. Kb1 Bd4 22. Qg6 Nxa3+ $40) (16... Nxd2 $1 {Principe de la pièce
superflue avec les Nb6 et c4 qui visent les mêmes cases. Il y a donc une
pièce en "trop"} 17. Rxd2 Nc4 $17 18. Rd3 (18. Rdd1 Nxa3 {[%csl Rc3]}) 18...
e5 19. Qf2 d5 {La poussée thématique dans la sicilienne qui semble très
forte malgré le K Noir au centre} 20. Nxd5 (20. fxe5 Nxe5) (20. exd5 Bc5 $44 {
[%csl Gc5]} 21. Qe2 O-O {[%csl Ra1] Et avec la paire de B et des pièces plus
actives, les Noirs gardent l'avantage}) 20... Bxd5 21. Rxd5 exf4) 17. Qf2 {
[%emt 0:00:28]} Be7 {[%emt 0:15:09]} 18. h4 {[%emt 0:07:29]} Nxb2 $6 {[%emt 0:
12:37]} 19. Kxb2 {[%emt 0:00:14]} Nc4+ {[%emt 0:01:40]} 20. Kb3 $1 {[%emt 0:00:
04] Joué à tempo et il n'est pas certain que les compensations Noires soient
suffisantes} d5 {[%emt 0:06:00]} 21. Nxd5 $1 {[%emt 0:03:13][%cal Gd5c7] Force
des échanges et sans paire de B, les compensations Noires s'amoindrissent}
Bxd5 {[%emt 0:02:17]} 22. exd5 {[%emt 0:00:14]} Nxa3 {[%emt 0:00:13]} 23. Rh3
$6 {[%emt 0:03:05][%cal Gh3c3] Un coup humain mais inutile car le Bd2
défendait déjà la case "c3"} (23. Qe2 $8 {[%csl Gc4]} Nxc2 24. Qd3 Nd4+ 25.
Kb2 {Et l'attaque Noire s'essoufle}) 23... Qc4+ $1 {[%emt 0:08:01]} 24. Kb2 {
[%emt 0:00:04]} Bc5 $1 {[%emt 0:06:56][%cal Gc5f2,Gc5d4,Gd4b2]} 25. Qf3 {
[%emt 0:11:35]} Bd4+ $6 {[%emt 0:04:58]} (25... O-O $5 {L'apport d'une R
supplémentaire peut-être utile à l'attaque} 26. c3 Qa4 $40 {[%cal Ga3c4]})
26. c3 {[%emt 0:00:05]} (26. Kxa3 Qa4#) 26... Qb4+ {[%emt 0:01:31]} 27. Ka2 {
[%emt 0:00:05]} Qa4 {[%emt 0:00:33]} 28. cxd4 $1 {[%emt 0:00:47][%cal Gf3a3,
Gf3b3]} Nc2+ {[%emt 0:02:43]} 29. Kb2 {[%emt 0:00:03]} Nxa1 {[%emt 0:01:09]}
30. Bc3 {[%emt 0:09:54]} (30. Rxa1 Qc2+ 31. Ka3 Qa4+ 32. Kb2 Qc2+ {Forçant la
nulle}) 30... b4 {[%emt 0:00:07]} 31. Rxa1 {[%emt 0:00:59]} bxc3+ {[%emt 0:00:
03]} 32. Qxc3 $1 {[%emt 0:00:02]} Qb5+ {[%emt 0:00:14]} 33. Qb3 {[%emt 0:00:03]
} Qe2+ {[%emt 0:00:17]} 34. Ka3 {[%emt 0:00:01]} Qxg2 {[%emt 0:00:20]} 35. Qa4+
$1 {[%emt 0:00:56] Illustrant le problème d'avoir raté l'occasion de roquer
au 25ème coup} Kf8 {[%emt 0:00:24]} 36. Qb4+ $16 {[%emt 0:00:41]} Kg8 {
[%emt 0:00:37]} 37. Re3 {[%emt 0:01:06]} h6 {[%emt 0:01:32]} 38. d6 {[%emt 0:
02:14]} Kh7 {[%emt 0:01:45]} 39. dxe5 {[%emt 0:00:11]} g6 {[%emt 0:00:18]} 40.
Rb1 {[%emt 0:00:00]} hxg5 {[%emt 0:00:00]} 41. Qb7 $1 {[%emt 0:08:29][%csl Rf7]
[%cal Ge5e6,Gb7f7,Gf7h7]} Qxb7 {[%emt 0:05:31]} 42. Rxb7 {[%emt 0:00:58]} Kg8 {
[%emt 0:01:26]} 43. hxg5 {[%emt 0:06:03]} Rh4 {[%emt 0:27:12]} 44. f5 $1 {
[%emt 0:33:27]} gxf5 {[%emt 0:00:00]} 45. g6 {[%emt 0:00:00]} f4 {[%emt 0:00:
00]} 46. gxf7+ {[%emt 0:00:00]} Kg7 {[%emt 0:00:00]} 47. d7 {[%emt 0:00:00]}
Rf8 {[%emt 0:00:00]} 48. e6 {[%emt 0:00:00]} fxe3 {[%emt 0:00:00]} 49. e7 {
[%emt 0:00:00]} 1-0